[Event "MSR_ch20"]
[Site "?"]
[Date "2024.04.11"]
[Round "8.21"]
[White "Richnak, Michal"]
[Black "Volanek, Maros"]
[Result "0-1"]
[BlackElo "1822"]
[WhiteElo "1626"]
[LiveChessVersion "1.4.8"]

1. d4 {[%clk 1:30:41]} d5 {[%clk 1:30:52]} 2. Nf3 {[%clk 1:30:55]} Nf6
{[%clk 1:31:09]} 3. Bf4 {[%clk 1:31:09]} e6 {[%clk 1:31:22]} 4. e3
{[%clk 1:31:16]} c6 {[%clk 1:31:33]} 5. c4 {[%clk 1:30:46]} Be7 {[%clk 1:31:49]}
6. Bd3 {[%clk 1:30:36]} O-O {[%clk 1:31:39]} 7. O-O {[%clk 1:30:12]} Nbd7
{[%clk 1:31:44]} 8. Nbd2 {[%clk 1:28:48]} Nh5 {[%clk 1:30:35]} 9. Bg3
{[%clk 1:27:33]} Nxg3 {[%clk 1:30:56]} 10. hxg3 {[%clk 1:27:31]} c5
{[%clk 1:29:50]} 11. Qc2 {[%clk 1:27:31]} h6 {[%clk 1:27:51]} 12. Nb3
{[%clk 1:26:07]} b6 {[%clk 1:26:58]} 13. Nfd2 {[%clk 1:25:07]} Bb7
{[%clk 1:25:49]} 14. f4 {[%clk 1:22:47]} Nf6 {[%clk 1:21:37]} 15. Be2
{[%clk 1:22:03]} Rc8 {[%clk 1:19:00]} 16. dxc5 {[%clk 1:20:01]} Bxc5
{[%clk 1:16:30]} 17. Nxc5 {[%clk 1:20:06]} Rxc5 {[%clk 1:16:44]} 18. b3
{[%clk 1:20:13]} dxc4 {[%clk 1:16:24]} 19. bxc4 {[%clk 1:20:08]} Qe7
{[%clk 1:14:09]} 20. Nb3 {[%clk 1:17:50]} Rc7 {[%clk 1:13:44]} 21. Rac1
{[%clk 1:17:55]} Ne4 {[%clk 1:08:16]} 22. Kh2 {[%clk 1:16:30]} Nc5
{[%clk 1:03:26]} 23. Rh1 {[%clk 1:14:48]} e5 {[%clk 1:00:59]} 24. f5
{[%clk 1:11:16]} Be4 {[%clk 0:56:24]} 25. Qb2 {[%clk 1:08:19]} Bxf5
{[%clk 0:56:03]} 26. Nxc5 {[%clk 1:05:56]} Qxc5 {[%clk 0:55:50]} 27. Qb3
{[%clk 1:05:56]} Be6 {[%clk 0:54:41]} 28. Rhd1 {[%clk 1:05:53]} Rfc8
{[%clk 0:53:25]} 29. Rc3 {[%clk 1:05:06]} Qe7 {[%clk 0:48:06]} 30. Rdc1
{[%clk 1:03:58]} Rd8 {[%clk 0:47:17]} 31. Rd1 {[%clk 1:02:47]} Rxd1
{[%clk 0:47:17]} 32. Qxd1 {[%clk 1:03:00]} Rc5 {[%clk 0:44:45]} 33. a3
{[%clk 1:00:17]} Qc7 {[%clk 0:42:53]} 34. Rd3 {[%clk 0:58:38]} g6
{[%clk 0:41:33]} 35. Rd8+ {[%clk 0:54:28]} Kg7 {[%clk 0:41:53]} 36. Ra8
{[%clk 0:53:41]} Bxc4 {[%clk 0:41:30]} 37. Qa4 {[%clk 0:52:29]} b5
{[%clk 0:40:00]} 38. Qa6 {[%clk 0:52:02]} Rc6 {[%clk 0:40:06]} 39. Rxa7
{[%clk 0:48:54]} Rxa6 {[%clk 0:40:27]} 40. Rxc7 {[%clk 0:49:17]} Bxe2
{[%clk 0:40:51]} 41. Rc5 {[%clk 0:49:20]} Rxa3 {[%clk 0:40:56]} 42. Rxe5
{[%clk 0:49:30]} b4 {[%clk 0:41:19]} 43. Re7 {[%clk 0:49:53]} b3 {[%clk 0:41:35]}
44. Rb7 {[%clk 0:50:13]} Bd1 {[%clk 0:42:00]} 45. e4 {[%clk 0:50:15]} Bg4
{[%clk 0:41:59]} 46. e5 {[%clk 0:49:46]} Be6 {[%clk 0:42:23]} 47. Kg1
{[%clk 0:48:43]} Ra2 {[%clk 0:42:43]} 48. g4 {[%clk 0:48:41]} b2 {[%clk 0:43:05]}
49. Kh2 {[%clk 0:48:57]} Bd5 {[%clk 0:43:05]} 50. Rb4 {[%clk 0:49:13]} Bxg2
{[%clk 0:43:23]} 51. Kg3 {[%clk 0:49:20]} Be4 {[%clk 0:43:37]} 0-1

[Event "MSR_ch20"]
[Site "?"]
[Date "2024.04.11"]
[Round "8.22"]
[White "Hulic, Michal"]
[Black "Osvald, Jakub"]
[Result "0-1"]
[BlackElo "1517"]
[WhiteElo "1575"]
[LiveChessVersion "1.4.8"]

1. d4 {[%clk 1:30:57]} Nf6 {[%clk 1:23:24]} 2. Bf4 {[%clk 1:31:12]} d5
{[%clk 1:23:04]} 3. e3 {[%clk 1:31:15]} e6 {[%clk 1:22:50]} 4. Nf3
{[%clk 1:30:57]} Bd6 {[%clk 1:22:12]} 5. Ne5 {[%clk 1:28:42]} O-O
{[%clk 1:21:53]} 6. c3 {[%clk 1:28:24]} c5 {[%clk 1:21:12]} 7. Bd3
{[%clk 1:28:22]} Qc7 {[%clk 1:20:07]} 8. Nd2 {[%clk 1:27:13]} Nfd7
{[%clk 1:16:01]} 9. Qh5 {[%clk 1:21:42]} g6 {[%clk 1:10:32]} 10. Qg4
{[%clk 1:10:46]} Bxe5 {[%clk 0:59:51]} 11. dxe5 {[%clk 1:07:35]} Nxe5
{[%clk 0:59:12]} 12. Bxe5 {[%clk 1:07:42]} Qxe5 {[%clk 0:59:27]} 13. f4
{[%clk 1:04:37]} Qxe3+ {[%clk 0:58:51]} 14. Be2 {[%clk 1:02:12]} e5
{[%clk 0:55:50]} 0-1

[Event "MSR_ch20"]
[Site "?"]
[Date "2024.04.11"]
[Round "8.23"]
[White "Ondrejicka, Tomas"]
[Black "Sulik, Adrian"]
[Result "0-1"]
[BlackElo "1000"]
[WhiteElo "1530"]
[LiveChessVersion "1.4.8"]

1. e4 {[%clk 1:30:59]} e6 {[%clk 1:30:42]} 2. f4 {[%clk 1:30:55]} d5
{[%clk 1:31:07]} 3. e5 {[%clk 1:30:19]} c5 {[%clk 1:29:29]} 4. Nf3
{[%clk 1:29:18]} Nc6 {[%clk 1:28:31]} 5. Bb5 {[%clk 1:28:24]} Bd7
{[%clk 1:28:11]} 6. c3 {[%clk 1:26:42]} Nh6 {[%clk 1:23:10]} 7. d4
{[%clk 1:21:43]} Qb6 {[%clk 1:17:30]} 8. a4 {[%clk 1:21:50]} a6 {[%clk 1:17:48]}
9. Bxc6 {[%clk 1:20:15]} Bxc6 {[%clk 1:16:40]} 10. a5 {[%clk 1:17:17]} Qd8 11.
Nbd2 {[%clk 1:17:23]} Nf5 {[%clk 1:14:32]} 12. Nb3 {[%clk 1:15:51]} c4
{[%clk 1:13:17]} 13. Nbd2 {[%clk 1:14:46]} Ne3 14. Qe2 {[%clk 1:15:02]} Nc2+
{[%clk 1:13:37]} 15. Kf2 Nxa1 {[%clk 1:13:55]} 16. Ng5 {[%clk 1:14:25]} Be7
{[%clk 1:12:26]} 17. Qh5 {[%clk 1:13:25]} Bxg5 {[%clk 1:12:30]} 18. fxg5
{[%clk 1:13:28]} g6 {[%clk 1:11:08]} 19. Qh6 {[%clk 1:13:34]} Qe7
{[%clk 1:10:43]} 20. Qg7 {[%clk 1:13:14]} O-O-O {[%clk 1:10:59]} 21. Nf3
{[%clk 1:12:48]} Nb3 {[%clk 1:10:32]} 22. Bf4 {[%clk 1:12:06]} Nxa5
{[%clk 1:07:31]} 23. Rb1 {[%clk 1:09:17]} Nb3 {[%clk 1:06:36]} 24. Nd2
{[%clk 1:08:46]} Nxd2 {[%clk 1:06:33]} 25. Bxd2 h5 {[%clk 1:06:33]} 26. gxh6
{[%clk 1:04:43]} Rdg8 {[%clk 1:06:29]} 27. Qf6 {[%clk 1:04:15]} Qxf6+
{[%clk 1:06:35]} 28. exf6 {[%clk 1:04:31]} g5 {[%clk 1:06:57]} 29. h4
{[%clk 1:03:15]} gxh4 {[%clk 1:07:05]} 30. Rh1 {[%clk 1:02:42]} Rg6
{[%clk 1:07:11]} 31. Rxh4 {[%clk 1:02:10]} Rxf6+ {[%clk 1:07:25]} 32. Kg1
{[%clk 1:01:12]} Rh7 {[%clk 1:07:13]} 33. g4 {[%clk 1:00:38]} Rg6
{[%clk 1:05:26]} 34. Kf2 {[%clk 0:56:13]} b5 {[%clk 1:03:50]} 35. Kg3
{[%clk 0:56:15]} a5 {[%clk 1:03:57]} 36. Rh1 {[%clk 0:52:04]} b4 {[%clk 1:03:28]}
37. g5 {[%clk 0:50:24]} bxc3 {[%clk 1:03:30]} 38. bxc3 {[%clk 0:50:30]} a4
{[%clk 1:00:17]} 39. Kh4 {[%clk 0:46:06]} f6 {[%clk 0:58:45]} 40. Kh5
{[%clk 0:46:01]} Be8 {[%clk 0:58:54]} 41. Kg4 {[%clk 0:38:26]} fxg5
{[%clk 0:58:18]} 42. Bxg5 {[%clk 0:38:40]} a3 {[%clk 0:58:00]} 43. Kh5
{[%clk 0:37:37]} Rgxh6+ {[%clk 0:58:10]} 0-1